000 00329nam a2200145Ia 4500
005 20251222152719.0
008 251222s9999||||xx |||||||||||||| ||spa||
020 _a9786120203958
082 _a839.316/L65
100 _aLionni, Leo
245 0 _aSu Propio Color
250 _a2da.ed.
264 _bNorma S.A.C.
942 _cLIB
999 _c29509
_d29509